| 000 | 00726nam a22001935i 4500 | ||
|---|---|---|---|
| 001 | 156406 | ||
| 003 | ES-MaACL | ||
| 005 | 20250830221255.0 | ||
| 008 | 040729s1869 fr |||| | fre d | ||
| 040 |
_aCAM _bspa _cCAM |
||
| 100 | 1 |
_aJonveaux, Emile. _9128346 |
|
| 245 | 1 | 2 |
_aL'Amérique actuelle / _cpar Emile Jonveaux ; précédé d'une introduction par Edouard Laboulaye. |
| 260 |
_aParis : _bCharpentier, libraire-éditeur, _c1869 ( _fImp. Simon Raçon et Comp.) |
||
| 300 |
_aXVI, 339 p. ; _c18 cm. |
||
| 651 | 4 |
_aEstados Unidos- _xDescripción _98538 |
|
| 700 | 1 |
_aLaboulaye, Édouard ( _d1811-1883) _969262 |
|
| 852 |
_aES-MaACL _jD-1554 _z-- Enc. hol. _z-- Legado de Modesto de la Fuente |
||
| 999 |
_c156406 _d156406 |
||